000 00282nam a2200109Ia 4500
008 231212s1994 xx 000 0 und d
041 _aeng
082 _a660.2842
100 _aBadri Ram
245 _aFundamentals Of Microprocessor & Microcomputers
260 _aDelhi
_bPrentic
_c1994
999 _c964274
_d964274